Tratado de botánica : strasburger /
Guardado en:
| Autor Principal: | |
|---|---|
| Otros Autores: | |
| Formato: | Libro |
| Publicado: |
Barcelona :
Omega,
2004
|
| Edición: | 35a. ed. |
| Materias: | |
| Etiquetas: |
Agregar Etiqueta
Sin Etiquetas, Sea el primero en etiquetar este registro!
|
| LEADER | 00613nam a22002055a 4500 | ||
|---|---|---|---|
| 001 | CEM.cems017151 | ||
| 005 | 20121015162828.0 | ||
| 008 | 130507s2004##################000#0#####d | ||
| 003 | CEMS | ||
| 020 | |a 8428213534 | ||
| 082 | 0 | 4 | |a 580 |
| 100 | 1 | |a Sitte, Peter | |
| 245 | 1 | 0 | |a Tratado de botánica : |b strasburger / |c Petter Sitte ... [et Al.] |
| 250 | |a 35a. ed. | ||
| 260 | |a Barcelona : |b Omega, |c 2004 | ||
| 300 | |a 1134 p. | ||
| 505 | 0 | |a Estructura -- Fisología -- Evolución y sistemática -- Ecología | |
| 653 | |a Botánica | ||
| 700 | 1 | |a Strasburger | |
| 859 | |a CEMS |b BIB. CEMS - Agricultura |h 580 |i Si88a35 |p A0868.09 |t Ej.1 | ||
